000 00484nmm a2200169Ia 4500
008 251105s9999||||xx |||||||||||||||||und||
020 _a9788427713253
041 _aspa
100 _aAlegre, José
245 0 _aLa luz del silencio, camino de tu paz
264 _a[Madrid, España] :
_bNarcea Ediciones,
_c2013
300 _a176 páginas
490 _aLibros de Espiritualidad
650 _aReligion(s)
856 _uhttps://public.digitaliapublishing.com/a/40979
942 _cCF
999 _c80614
_d80614